000 00676cam a2200229 a 4500
001 11247
003 IN-BhIIT
005 20260530121659.0
008 001207s1947 nyua 000 0 eng
020 _a9780141393063 (pbk.)
040 _aIN-BhIIT
041 _aeng
082 _a828
_bORW/P
100 1 _aOrwell, George,
_eAuthor
_92892
245 1 0 _aPolitics and the english language /
_cGeorge Orwell.
260 _aNew York :
_bTypophiles,
_c1947.
300 _a23 p. :
_bill. ;
_c18 cm.
490 1 _aTypophile monograph ;
500 _a"First published in Horizon (London)"--Verso of t.p.
650 0 _aEnglish language
_xPolitical aspects.
_927067
942 _cGEN
_01
999 _c14907
_d14907